[Event "Oregon Closed (Championship)"]
[Site "Portland, OR"]
[Date "2017.02.11"]
[Round "1.1"]
[White "Grabinsky, Joshua"]
[Black "Talyansky, Seth"]
[Result "0-1"]
[WhiteElo "2019"]
[BlackElo "2189"]
[PlyCount "148"]
[EventDate "2017.02.11"]
[EventRounds "9"]
[EventCountry "USA"]

1. e4 e5 2. Nf3 Nc6 3. d4 exd4 4. Nxd4 Bc5 5. Nxc6 Qf6 6. Qf3 Qxf3 7. gxf3 dxc6
8. Bc4 b5 9. Bb3 Ne7 10. Bf4 Bd6 11. Bxd6 cxd6 12. Nc3 a5 13. a4 b4 14. Ne2 Be6
15. Bxe6 fxe6 16. Nf4 e5 17. Nd3 Rf8 18. Ke2 Ng6 19. Rhg1 Ra7 20. Rad1 Ke7 21.
Rg4 Ke6 22. Ke3 Raf7 23. Rg3 Nh4 24. Ne1 d5 25. Rd2 h6 26. Rd3 g5 27. Rh3 d4+
28. Ke2 c5 29. Rd1 c4 30. Rc1 Rc8 31. Rg3 Rb7 32. Ng2 Nxg2 33. Rxg2 d3+ 34.
cxd3 cxd3+ 35. Kd2 Rxc1 36. Kxc1 Rc7+ 37. Kd2 Rc2+ 38. Kxd3 Rxb2 39. Kc4 Ra2
40. Kb5 Ra1 41. f4 exf4 42. f3 Rf1 43. Kxa5 Rxf3 44. Kxb4 Re3 45. Ra2 f3 46. a5
Rxe4+ 47. Kc3 Re3+ 48. Kd4 Re2 49. Ra1 f2 50. Rf1 Kf5 51. a6 Kg4 52. a7 Ra2 53.
Rxf2 Rxa7 54. Ke5 h5 55. Rg2+ Kh4 56. Kf5 g4 57. Rb2 Kh3 58. Kg5 h4 59. Kf4 g3
60. hxg3 hxg3 61. Rb8 Rf7+ 62. Ke3 g2 63. Rh8+ Kg3 64. Rg8+ Kh2 65. Rh8+ Kg1
66. Ke2 Re7+ 67. Kd2 Re5 68. Rf8 Kh2 69. Rh8+ Kg3 70. Rg8+ Kf3 71. Kd3 Rd5+ 72.
Kc4 Rf5 73. Kd3 Kf2 74. Ke4 Rf7 0-1

[Event "Oregon Closed (Championship)"]
[Site "Portland, OR"]
[Date "2017.02.11"]
[Round "1.2"]
[White "Smail, Benedict"]
[Black "Zavortink, Matt"]
[Result "1/2-1/2"]
[WhiteElo "2206"]
[BlackElo "2161"]
[PlyCount "109"]
[EventDate "2017.02.11"]
[EventRounds "9"]
[EventCountry "USA"]

1. d4 d5 2. c4 dxc4 3. Nf3 Nf6 4. e3 Bg4 5. Bxc4 e6 6. h3 Bh5 7. Nc3 a6 8. g4
Bg6 9. Ne5 Nbd7 10. Nxg6 hxg6 11. Qf3 b5 12. Bb3 Bb4 13. a4 O-O 14. Bd2 c5 15.
axb5 axb5 16. Rxa8 Qxa8 17. Qxa8 Rxa8 18. Nxb5 Ra1+ 19. Bd1 Bxd2+ 20. Kxd2 Ne4+
21. Ke2 Rb1 22. Kf3 Nd2+ 23. Kg2 Rxb2 24. dxc5 Nxc5 25. Nc3 Nde4 26. Nxe4 Nxe4
27. Rf1 g5 28. Ba4 Nc5 29. Bc6 f6 30. Be8 Nd3 31. Bg6 Ne5 32. Rb1 Rxb1 33. Bxb1
Kf7 34. f4 gxf4 35. exf4 Nc6 36. Be4 Na5 37. h4 Nc4 38. g5 g6 39. Kf2 Kg7 40.
Bd3 Nd6 41. Ke3 e5 42. fxe5 fxe5 43. Bc2 Kf7 44. Kd2 Kg7 45. Kc3 Kf7 46. Kb4 e4
47. Kc5 e3 48. Bd3 Nf5 49. Kd5 Ng3 50. h5 gxh5 51. Ke5 e2 52. g6+ Kg7 53. Bxe2
Nxe2 54. Kf5 Nf4 55. Kxf4 1/2-1/2

[Event "Oregon Closed (Championship)"]
[Site "Portland, OR"]
[Date "2017.02.11"]
[Round "1.3"]
[White "Haessler, Carl A"]
[Black "Richardson, Ryan"]
[Result "0-1"]
[WhiteElo "2233"]
[BlackElo "2103"]
[PlyCount "80"]
[EventDate "2017.02.11"]
[EventRounds "9"]
[EventCountry "USA"]

1. c4 e5 2. g3 Nf6 3. Bg2 d5 4. cxd5 Nxd5 5. Nc3 Nb6 6. Nf3 Nc6 7. O-O Be7 8.
d3 O-O 9. Be3 Be6 10. Na4 e4 11. Ne1 exd3 12. Nxd3 Bd5 13. Bh3 Nc4 14. Bc5 b6
15. Bxe7 Nxe7 16. Qc2 Nd6 17. Rad1 c5 18. Nc3 Bb7 19. Ne5 Qc7 20. Qd3 Rad8 21.
Nd7 Ndc8 22. Rd2 Qc6 23. f3 Qh6 24. Kg2 Rfe8 25. Rfd1 Nc6 26. Nd5 Nd4 27. e3
Bxd5 28. exd4 Re3 29. Qb1 Bxf3+ 30. Kf2 Bxd1 31. Qxd1 Rde8 32. Ne5 cxd4 33.
Bxc8 Qxh2+ 34. Kf1 Qh1+ 35. Kf2 Qxd1 36. Rxd1 R3xe5 37. Ba6 Rd8 38. Rd3 g6 39.
Bc4 Kg7 40. b3 h6 0-1

[Event "Oregon Closed (Championship)"]
[Site "Portland, OR"]
[Date "2017.02.11"]
[Round "1.4"]
[White "Cigan, Jason Daniel"]
[Black "Bjorksten, Lennart"]
[Result "1/2-1/2"]
[WhiteElo "2230"]
[BlackElo "2123"]
[PlyCount "148"]
[EventDate "2017.02.11"]
[EventRounds "9"]
[EventCountry "USA"]

1. e4 c6 2. d4 d5 3. e5 c5 4. dxc5 e6 5. a3 a5 6. Nc3 Bd7 7. Nb5 Bxc5 8. Be3
Bxe3 9. Nd6+ Kf8 10. fxe3 Bc6 11. Qd4 Nd7 12. Bd3 f6 13. Nf3 Nxe5 14. Nxe5 Qxd6
15. O-O Nh6 16. Nxc6 bxc6 17. Rxf6+ gxf6 18. Qxf6+ Kg8 19. Qg5+ Kf7 20. Rf1+
Nf5 21. Bxf5 exf5 22. Rxf5+ Ke8 23. Re5+ Qxe5 24. Qxe5+ Kd7 25. Kf2 Rae8 26.
Qd4 Kd6 27. c4 Rhf8+ 28. Ke2 Re4 29. c5+ Ke7 30. Qg7+ Rf7 31. Qg5+ Kd7 32. Qg3
Re6 33. Kd2 Rfe7 34. Qf4 Kc8 35. g4 Re4 36. Qf6 Kb7 37. Qc3 Ka6 38. h3 a4 39.
g5 Kb5 40. b4 axb3 41. Qxb3+ Kxc5 42. Qc3+ Kb6 43. Qb3+ Kc7 44. a4 d4 45. a5
dxe3+ 46. Ke2 Rd7 47. Qb6+ Kd6 48. a6 Ree7 49. h4 Kd5 50. h5 c5 51. g6 hxg6 52.
hxg6 Kd4 53. Qb3 c4 54. Qb4 Rc7 55. Qd6+ Ke4 56. Qb4 Kf5 57. Qb1+ Kf6 58. Qb6+
Kg7 59. Qd4+ Kxg6 60. Qg4+ Kf7 61. Qf3+ Kg7 62. Qg4+ Kf8 63. Qf3+ Kg8 64. Qg4+
Kf7 65. Qf3+ Ke6 66. Qe4+ Kd6 67. Qd4+ Kc6 68. Qxc4+ Kb6 69. Qa4 Ka7 70. Qd4+
Kxa6 71. Qa4+ Kb7 72. Qb5+ Kc8 73. Qa6+ Kd7 74. Qd3+ Kc8 1/2-1/2

[Event "Oregon Closed (Championship)"]
[Site "Portland, OR"]
[Date "2017.02.11"]
[Round "1.5"]
[White "Deeth, Steven B"]
[Black "Russell, Corey John"]
[Result "1-0"]
[WhiteElo "2112"]
[BlackElo "2205"]
[PlyCount "99"]
[EventDate "2017.02.11"]
[EventRounds "9"]
[EventCountry "USA"]

1. d4 Nf6 2. c4 g6 3. Nc3 Bg7 4. e4 d6 5. f3 Nc6 6. Be3 a6 7. Qd2 Rb8 8. Rc1
O-O 9. Nge2 Bd7 10. Nd1 Ne8 11. Nf2 e5 12. d5 Ne7 13. g3 f5 14. Bg2 c5 15. dxc6
Bxc6 16. O-O Nf6 17. Nc3 b5 18. b3 b4 19. Nd5 Nexd5 20. cxd5 Bb5 21. Rfe1 Nh5
22. Nh3 f4 23. gxf4 Bd7 24. fxe5 Bxh3 25. Bxh3 Bxe5 26. Be6+ Kh8 27. Bd4 Qf6
28. Bxe5 Qxe5 29. Rc4 Rxf3 30. Qd4 Nf4 31. Qxe5+ dxe5 32. Bg4 Rc3 33. Rc1 h5
34. R1xc3 bxc3 35. Bd1 Kg7 36. Rxc3 Kf6 37. Kf2 Kg5 38. Kg3 h4+ 39. Kf2 Rb4 40.
Rc4 Rb6 41. a3 Rf6 42. Bf3 Nd3+ 43. Ke2 h3 44. Rc6 Rf4 45. Rc3 Nb2 46. Rc2 Nd1
47. Rc6 a5 48. a4 Nb2 49. Re6 Rf8 50. d6 1-0

[Event "Oregon Closed (Championship)"]
[Site "Portland, OR"]
[Date "2017.02.11"]
[Round "2.1"]
[White "Talyansky, Seth"]
[Black "Deeth, Steven B"]
[Result "1-0"]
[WhiteElo "2189"]
[BlackElo "2112"]
[PlyCount "81"]
[EventDate "2017.02.11"]
[EventRounds "9"]
[EventCountry "USA"]

1. e4 c5 2. Nf3 e6 3. d4 cxd4 4. Nxd4 a6 5. Bd3 Nf6 6. O-O Qc7 7. Qe2 d6 8. a4
Nbd7 9. a5 d5 10. Nc3 dxe4 11. Nxe4 Be7 12. Bd2 O-O 13. b4 Nxe4 14. Qxe4 Nf6
15. Qe2 Rd8 16. Nf3 Bd7 17. Ne5 g6 18. c4 Be8 19. Rac1 Nd7 20. Nf3 Bf6 21. Rfd1
Ne5 22. Bf4 Nxf3+ 23. Qxf3 Qe7 24. b5 Rac8 25. Bf1 Kg7 26. Be3 e5 27. Bb6 Rxd1
28. Rxd1 e4 29. Qg4 Rb8 30. Re1 axb5 31. cxb5 Bd7 32. Qxe4 Be6 33. Rc1 Qa3 34.
Rc7 Qb3 35. Bd4 Bxd4 36. Qxd4+ Kg8 37. a6 bxa6 38. bxa6 Bd5 39. a7 Re8 40. Rd7
Be6 41. Rd8 1-0

[Event "Oregon Closed (Championship)"]
[Site "Portland, OR"]
[Date "2017.02.11"]
[Round "2.2"]
[White "Russell, Corey John"]
[Black "Cigan, Jason Daniel"]
[Result "1/2-1/2"]
[WhiteElo "2205"]
[BlackElo "2230"]
[PlyCount "72"]
[EventDate "2017.02.11"]
[EventRounds "9"]
[EventCountry "USA"]

1. e4 c5 2. Nf3 d6 3. d4 cxd4 4. Nxd4 Nf6 5. Nc3 a6 6. Bg5 Nbd7 7. Qd2 e6 8. f3
b5 9. O-O-O Bb7 10. a3 Be7 11. g3 Rc8 12. Bh3 O-O 13. Bxe6 fxe6 14. Nxe6 Qa5
15. Nxf8 Kxf8 16. Bf4 Ne5 17. Bxe5 dxe5 18. Kb1 Bxa3 19. bxa3 Rxc3 20. Qd6+ Kf7
21. Rd3 Bc8 22. Kb2 Rxd3 23. Qxd3 Be6 24. Qc3 Qxc3+ 25. Kxc3 Bc4 26. Re1 g5 27.
a4 Ke6 28. Kb4 Nd7 29. a5 Kd6 30. Rd1+ Kc6 31. Rd2 h5 32. h4 gxh4 33. gxh4 Bf1
34. Rf2 Bh3 35. Rh2 Bf1 36. Rf2 Bh3 1/2-1/2

[Event "Oregon Closed (Championship)"]
[Site "Portland, OR"]
[Date "2017.02.11"]
[Round "2.3"]
[White "Bjorksten, Lennart"]
[Black "Haessler, Carl A"]
[Result "0-1"]
[WhiteElo "2123"]
[BlackElo "2233"]
[PlyCount "114"]
[EventDate "2017.02.11"]
[EventRounds "9"]
[EventCountry "USA"]

1. d4 Nf6 2. c4 Nc6 3. Nf3 e6 4. a3 d5 5. e3 Be7 6. Nc3 O-O 7. b4 dxc4 8. Bxc4
e5 9. d5 e4 10. dxc6 Qxd1+ 11. Kxd1 exf3 12. gxf3 bxc6 13. Ke2 c5 14. b5 Bb7
15. Bb2 c6 16. a4 Rfd8 17. Rhg1 g6 18. Rgd1 Kf8 19. Rac1 Nd5 20. Ne4 Nb6 21.
bxc6 Bxc6 22. Bb5 Nxa4 23. Bg7+ Kxg7 24. Bxc6 Nb2 25. Rxd8 Rxd8 26. Nxc5 Rc8
27. Nb3 Bb4 28. Bb5 Rb8 29. Nd4 Bd6 30. f4 Be7 31. e4 Rb6 32. Rc7 Bd6 33. Rc2
Bxf4 34. Rxb2 Be5 35. Kd3 a6 36. f4 Bxd4 37. Kxd4 Rxb5 38. Ra2 a5 39. Kc4 Rb4+
40. Kd5 a4 41. Ra3 Rb5+ 42. Kc4 Rh5 43. h3 Rh4 44. Rf3 g5 45. Rg3 Rxf4 46.
Rxg5+ Kf6 47. Rh5 Rxe4+ 48. Kd3 Kg6 49. Ra5 Rh4 50. Ke2 f5 51. Kf2 Kg5 52. Kg3
Rb4 53. Kg2 h5 54. Ra8 h4 55. Rg8+ Kf4 56. Rh8 Rb2+ 57. Kg1 a3 0-1

[Event "Oregon Closed (Championship)"]
[Site "Portland, OR"]
[Date "2017.02.11"]
[Round "2.4"]
[White "Richardson, Ryan"]
[Black "Smail, Benedict"]
[Result "1-0"]
[WhiteElo "2103"]
[BlackElo "2206"]
[PlyCount "155"]
[EventDate "2017.02.11"]
[EventRounds "9"]
[EventCountry "USA"]

1. e4 e6 2. d3 d5 3. Nd2 Nf6 4. g3 dxe4 5. dxe4 Bc5 6. Bg2 Nc6 7. Ngf3 O-O 8.
O-O e5 9. Qe2 Qe7 10. c3 a5 11. Nh4 b6 12. Nf5 Qe6 13. Re1 Ba6 14. Qf3 Rfd8 15.
Nf1 Ne7 16. Bg5 Rd3 17. N1e3 Rad8 18. Bf1 Bb7 19. Bxd3 Rxd3 20. Bxf6 Nxf5 21.
Qxf5 Qxf6 22. Rad1 Qxf5 23. exf5 e4 24. Nc4 f6 25. Rxd3 exd3 26. Nd2 Kf7 27.
Kf1 b5 28. a3 b4 29. cxb4 axb4 30. Rc1 Bd6 31. Ke1 bxa3 32. bxa3 Ke8 33. Nc4
Bc5 34. Nd2 Bd6 35. Nc4 Be7 36. Rc3 Be4 37. g4 g6 38. fxg6 Bxg6 39. f4 h5 40.
f5 Bf7 41. gxh5 Bxh5 42. Rxd3 Bg4 43. Ne3 Bf3 44. Rc3 Kd7 45. Kf2 Bh5 46. Nd5
Bd8 47. Nf4 Bg4 48. Ne6 Be7 49. Rxc7+ Ke8 50. Rc4 Bd1 51. Rc3 Kf7 52. Ke3 Ba4
53. h4 Bd1 54. Rc7 Ke8 55. Rc3 Kf7 56. Ke4 Bd6 57. Nc5 Be5 58. Rc1 Be2 59. a4
Bc7 60. Nb7 Bg3 61. a5 Bxh4 62. Nc5 Bb5 63. Kd5 Bf2 64. Rb1 Be2 65. Kc6 Ke7 66.
Rb7+ Kd8 67. Kb6 Kc8 68. Rc7+ Kd8 69. Rd7+ Kc8 70. Rd2 Bxc5+ 71. Kxc5 Bg4 72.
Rd5 Kb7 73. Kd6 Be2 74. Ke7 Kc6 75. Rd6+ Kb5 76. a6 Kc5 77. a7 Bf3 78. Rd8 1-0

[Event "Oregon Closed (Championship)"]
[Site "Portland, OR"]
[Date "2017.02.11"]
[Round "2.5"]
[White "Zavortink, Matt"]
[Black "Grabinsky, Joshua"]
[Result "1/2-1/2"]
[WhiteElo "2161"]
[BlackElo "2019"]
[PlyCount "33"]
[EventDate "2017.02.11"]
[EventRounds "9"]
[EventCountry "USA"]

1. d4 Nf6 2. Bf4 d5 3. e3 Bf5 4. c4 Nc6 5. Nc3 e6 6. Nf3 Ne4 7. h3 Nb4 8. Rc1
dxc4 9. Bxc4 c6 10. Qb3 Qb6 11. Ne5 Nd5 12. g4 Qxb3 13. axb3 Nexc3 14. bxc3 Ba3
15. Rd1 Bg6 16. Nxg6 hxg6 17. Kd2 1/2-1/2

[Event "Oregon Closed (Championship)"]
[Site "Portland, OR"]
[Date "2017.02.12"]
[Round "3.1"]
[White "Zavortink, Matt"]
[Black "Talyansky, Seth"]
[Result "1/2-1/2"]
[WhiteElo "2161"]
[BlackElo "2189"]
[PlyCount "82"]
[EventDate "2017.02.11"]
[EventRounds "9"]
[EventCountry "USA"]

1. d4 d5 2. Bf4 Nf6 3. e3 c5 4. c3 Nc6 5. Nd2 e6 6. Ngf3 Bd6 7. Bg3 O-O 8. Bd3
b6 9. Ne5 Bxe5 10. dxe5 Nd7 11. Nf3 h6 12. e4 d4 13. Bb5 Bb7 14. cxd4 Nxd4 15.
Nxd4 cxd4 16. b4 a6 17. Be2 a5 18. Qxd4 axb4 19. Qxb4 Nc5 20. O-O Ra4 21. Qb2
Nxe4 22. Rfd1 Bd5 23. Bf3 Qa8 24. Bxe4 Bxe4 25. f3 Bd5 26. Qxb6 Rxa2 27. Rxa2
Qxa2 28. Rb1 Rc8 29. Qb2 Qc4 30. Bf2 Qd3 31. Rc1 Ra8 32. Ra1 Rc8 33. Rc1 Ra8
34. Ra1 Ra2 35. Qb8+ Kh7 36. Qb1 Rc2 37. Qd1 Rd2 38. Qb1 Rc2 39. Qd1 Qg6 40.
Bg3 h5 41. Rc1 Rxc1 1/2-1/2

[Event "Oregon Closed (Championship)"]
[Site "Portland, OR"]
[Date "2017.02.12"]
[Round "3.2"]
[White "Grabinsky, Joshua"]
[Black "Richardson, Ryan"]
[Result "1/2-1/2"]
[WhiteElo "2019"]
[BlackElo "2103"]
[PlyCount "140"]
[EventDate "2017.02.11"]
[EventRounds "9"]
[EventCountry "USA"]

1. e4 c5 2. Nf3 d6 3. d4 cxd4 4. Nxd4 Nf6 5. Nc3 a6 6. h3 e6 7. g4 d5 8. exd5
Nxd5 9. Nde2 Bb4 10. Bd2 Nc6 11. Bg2 Nxc3 12. Bxc3 Bxc3+ 13. Nxc3 O-O 14. Qxd8
Rxd8 15. Bxc6 bxc6 16. Ke2 a5 17. Rhd1 Ba6+ 18. Ke3 Kf8 19. Na4 Ke7 20. b3 Bb5
21. Nb2 Ba6 22. c4 e5 23. Nd3 f6 24. Nc5 Rxd1 25. Rxd1 Bc8 26. f4 exf4+ 27.
Kxf4 Ra7 28. Re1+ Kf7 29. Ne4 Rd7 30. c5 g5+ 31. Kf3 Rd3+ 32. Kg2 Be6 33. Nd6+
Ke7 34. Re2 Kd7 35. Kh2 h5 36. Rf2 hxg4 37. hxg4 Bxg4 38. Rxf6 Be6 39. Rg6 Rd2+
40. Kg3 Rxa2 41. Rg7+ Kd8 42. Rxg5 Bxb3 43. Nb7+ Ke7 44. Rg7+ Kf6 45. Rc7 Bd5
46. Nd8 Rc2 47. Ra7 Rxc5 48. Nb7 Rb5 49. Nxa5 c5 50. Kf4 Rb4+ 51. Ke3 Ke5 52.
Ra6 Ra4 53. Nc6+ Bxc6 54. Rxc6 Ra3+ 55. Kd2 Kd4 56. Rd6+ Kc4 57. Rh6 Rg3 58.
Kc2 Rg2+ 59. Kc1 Rg3 60. Kc2 Rg4 61. Rh8 Re4 62. Rh6 Re2+ 63. Kc1 Kd3 64. Rh3+
Re3 65. Rxe3+ Kxe3 66. Kc2 Kd4 67. Kd2 Ke5 68. Kc3 Kd6 69. Kc4 Kc6 70. Kc3 Kd5
1/2-1/2

[Event "Oregon Closed (Championship)"]
[Site "Portland, OR"]
[Date "2017.02.12"]
[Round "3.3"]
[White "Smail, Benedict"]
[Black "Bjorksten, Lennart"]
[Result "0-1"]
[WhiteElo "2206"]
[BlackElo "2123"]
[PlyCount "88"]
[EventDate "2017.02.11"]
[EventRounds "9"]
[EventCountry "USA"]

1. d4 Nf6 2. c4 e6 3. Nc3 Bb4 4. Qc2 Nc6 5. Nf3 d6 6. a3 Bxc3+ 7. Qxc3 a5 8. g3
O-O 9. Bg2 Qe7 10. O-O a4 11. Qc2 e5 12. dxe5 dxe5 13. Bd2 e4 14. Ng5 Nd4 15.
Qd1 Nb3 16. Bb4 c5 17. Bc3 Bf5 18. Rb1 Ng4 19. h3 Nh6 20. h4 e3 21. Bd5 Ng4 22.
f3 Nf2 23. Rxf2 exf2+ 24. Kxf2 h6 25. Ne4 Rad8 26. Qd3 Kh8 27. Qe3 f6 28. Qf4
Be6 29. Rd1 b5 30. Rg1 Bxd5 31. cxd5 Rxd5 32. g4 b4 33. Be1 Nd4 34. Ng3 Re8 35.
e4 Rd7 36. h5 Nc2 37. Nf5 Qe5 38. Qc1 Nxe1 39. Qxe1 Qxb2+ 40. Kg3 Rd2 41. Rh1
Qe5+ 42. Kh3 Red8 43. Nh4 Kh7 44. Qb1 Rb2 0-1

[Event "Oregon Closed (Championship)"]
[Site "Portland, OR"]
[Date "2017.02.12"]
[Round "3.4"]
[White "Haessler, Carl A"]
[Black "Russell, Corey John"]
[Result "0-1"]
[WhiteElo "2233"]
[BlackElo "2205"]
[PlyCount "64"]
[EventDate "2017.02.11"]
[EventRounds "9"]
[EventCountry "USA"]

1. Nf3 Nf6 2. c4 e6 3. g3 d5 4. Bg2 c6 5. O-O Nbd7 6. d4 dxc4 7. a4 a5 8. Qc2
b5 9. Bg5 Bb7 10. e4 h6 11. Bf4 Be7 12. Nc3 b4 13. Nd1 O-O 14. Re1 c5 15. d5
exd5 16. e5 Ne4 17. Nd2 Nxd2 18. Bxd2 Nb6 19. f4 Ra7 20. Ne3 c3 21. bxc3 bxc3
22. Bxc3 d4 23. Red1 Qa8 24. Rab1 Bd8 25. e6 Bxg2 26. Nxg2 dxc3 27. exf7+ Raxf7
28. Qxc3 c4 29. Ne3 Qe4 30. Re1 Bf6 31. Qxa5 Bd4 32. Qd2 Nd5 0-1

[Event "Oregon Closed (Championship)"]
[Site "Portland, OR"]
[Date "2017.02.11"]
[Round "3.5"]
[White "Cigan, Jason Daniel"]
[Black "Deeth, Steven B"]
[Result "1-0"]
[WhiteElo "2230"]
[BlackElo "2112"]
[PlyCount "133"]
[EventDate "2017.02.11"]
[EventRounds "9"]
[EventCountry "USA"]

1. e4 c5 2. Nf3 e6 3. d4 cxd4 4. Nxd4 a6 5. c4 Nf6 6. Nc3 Qc7 7. Be2 Bb4 8. O-O
b6 9. f3 Bb7 10. Qd3 O-O 11. a3 Be7 12. f4 d6 13. b4 Nbd7 14. Bb2 Rfe8 15. Rac1
Bf8 16. g4 e5 17. Nf5 exf4 18. Nd5 Qd8 19. Rxf4 Ne5 20. Qg3 Bxd5 21. cxd5 Rc8
22. g5 Rxc1+ 23. Bxc1 Qc8 24. gxf6 Qxc1+ 25. Rf1 Qd2 26. fxg7 Be7 27. Rd1 Qg5
28. Qxg5 Bxg5 29. Nxd6 Ra8 30. Nf5 Ng6 31. d6 Nh4 32. Ne7+ Kxg7 33. Nc6 b5 34.
d7 Bd8 35. Nxd8 Rxd8 36. Bg4 Ng6 37. Rd6 Ne5 38. Bf5 Kf8 39. Rxa6 Nxd7 40. Rd6
Ke7 41. Rxd7+ Rxd7 42. Bxd7 Kxd7 43. Kf2 Kd6 44. Ke3 Ke5 45. Kd3 h5 46. Ke3 h4
47. Kf3 f6 48. Ke3 f5 49. exf5 Kxf5 50. Kd4 Kg4 51. a4 bxa4 52. b5 a3 53. Kc3
a2 54. Kb2 a1=Q+ 55. Kxa1 Kh3 56. b6 Kxh2 57. b7 h3 58. b8=Q+ Kg2 59. Qg8+ Kh1
60. Qd5+ Kg1 61. Qg5+ Kh1 62. Qc1+ Kg2 63. Qd2+ Kh1 64. Qe1+ Kg2 65. Qe4+ Kg1
66. Qg4+ Kh2 67. Ka2 1-0

[Event "Oregon Closed (Championship)"]
[Site "Portland, OR"]
[Date "2017.02.12"]
[Round "4.1"]
[White "Talyansky, Seth"]
[Black "Cigan, Jason Daniel"]
[Result "1-0"]
[WhiteElo "2189"]
[BlackElo "2230"]
[PlyCount "119"]
[EventDate "2017.02.11"]
[EventRounds "9"]
[EventCountry "USA"]

1. e4 c5 2. Nf3 d6 3. d4 cxd4 4. Nxd4 Nf6 5. Nc3 a6 6. Be2 e6 7. a4 Nc6 8. O-O
Be7 9. Be3 O-O 10. f4 Qc7 11. Qe1 Nxd4 12. Bxd4 e5 13. Be3 exf4 14. Rxf4 Be6
15. Qf2 d5 16. exd5 Nxd5 17. Nxd5 Bxd5 18. c4 Be6 19. Bb6 Qd6 20. a5 Rac8 21.
b3 Qb4 22. Rf3 Rfd8 23. Qe1 Qxe1+ 24. Rxe1 Rd2 25. Rd3 Rxd3 26. Bxd3 Bc5+ 27.
Bxc5 Rxc5 28. b4 Rc7 29. c5 Kf8 30. Bxh7 Ke7 31. Be4 Rd7 32. c6 bxc6 33. Bxc6
Rc7 34. b5 axb5 35. Bxb5 Rc5 36. Rb1 Bf5 37. Rb2 Rc1+ 38. Kf2 Ra1 39. a6 Bc8
40. Rc2 Kd8 41. Re2 Bxa6 42. Re8+ Kc7 43. Re7+ Kb8 44. Bxa6 Rxa6 45. Rxf7 Rg6
46. Rd7 Kc8 47. Rd2 Kc7 48. Kf3 Rh6 49. g3 Rd6 50. Rxd6 Kxd6 51. Kf4 Ke6 52.
Kg5 Kf7 53. g4 Kf8 54. Kg6 Kg8 55. g5 Kh8 56. Kf7 Kh7 57. h4 Kh8 58. h5 Kh7 59.
h6 g6 60. Kf6 1-0

[Event "Oregon Closed (Championship)"]
[Site "Portland, OR"]
[Date "2017.02.12"]
[Round "4.2"]
[White "Deeth, Steven B"]
[Black "Haessler, Carl A"]
[Result "0-1"]
[WhiteElo "2112"]
[BlackElo "2233"]
[PlyCount "184"]
[EventDate "2017.02.11"]
[EventRounds "9"]
[EventCountry "USA"]

1. d4 d5 2. c4 e6 3. Nc3 Nf6 4. cxd5 exd5 5. Bg5 Be7 6. e3 O-O 7. Bd3 b6 8. Nf3
Bb7 9. Qc2 Nbd7 10. O-O c5 11. dxc5 bxc5 12. Be2 Rc8 13. Rfd1 Qb6 14. Qb3 Bd6
15. Qxb6 axb6 16. Bb5 h6 17. Bh4 g5 18. Bg3 Bxg3 19. hxg3 Rfd8 20. Rac1 Kg7 21.
a3 Nf8 22. Na4 Rd6 23. b4 Ne6 24. Ne5 Nc7 25. Bd3 Re6 26. Bf5 Rxe5 27. Bxc8
Bxc8 28. Nxb6 Bg4 29. f3 Bf5 30. Rxc5 Ne6 31. Rc3 g4 32. Kf2 Ng5 33. Rcc1 Be6
34. a4 Rf5 35. f4 Nge4+ 36. Ke2 Nxg3+ 37. Kd2 Nfe4+ 38. Kc2 Ne2 39. Ra1 d4 40.
exd4 Rxf4 41. d5 Bf5 42. Kb3 Nd6 43. Rd2 Re4 44. Rf1 Ng3 45. Rc1 Re3+ 46. Ka2
Nge4 47. Rdc2 Rd3 48. Nc4 Rxd5 49. Ne3 Re5 50. Nxf5+ Rxf5 51. b5 Nxb5 52. axb5
Rxb5 53. Rc4 Re5 54. Kb2 Kg6 55. Kc2 Rc5 56. Rxc5 Nxc5 57. Kd1 Ne4 58. Ke2 Kg5
59. Ke3 f5 60. Ra1 h5 61. Rb1 h4 62. Ra1 Nf6 63. Ra5 Nh5 64. Kf2 Nf4 65. Ra8 h3
66. gxh3 Nxh3+ 67. Kg2 Nf4+ 68. Kg3 Nh5+ 69. Kg2 f4 70. Ra5+ Kh4 71. Ra3 Ng7
72. Ra7 Nf5 73. Rh7+ Kg5 74. Ra7 Nh4+ 75. Kh2 f3 76. Kg3 Nf5+ 77. Kf2 Nd6 78.
Ra4 Kf5 79. Ra8 Ne4+ 80. Kf1 g3 81. Rf8+ Kg4 82. Rg8+ Kf4 83. Rf8+ Ke3 84. Re8
g2+ 85. Kg1 Kd3 86. Rf8 Ke2 87. Rf7 Ng5 88. Re7+ Kd3 89. Kh2 Nh3 90. Rg7 g1=Q+
91. Rxg1 Nxg1 92. Kxg1 Ke2 0-1

[Event "Oregon Closed (Championship)"]
[Site "Portland, OR"]
[Date "2017.02.11"]
[Round "4.3"]
[White "Russell, Corey John"]
[Black "Smail, Benedict"]
[Result "1-0"]
[WhiteElo "2205"]
[BlackElo "2206"]
[PlyCount "83"]
[EventDate "2017.02.11"]
[EventRounds "9"]
[EventCountry "USA"]

1. e4 e6 2. d4 d5 3. Nc3 Bb4 4. e5 c5 5. a3 Bxc3+ 6. bxc3 Qa5 7. Bd2 Qa4 8. Qb1
c4 9. Nf3 Nc6 10. Be2 Nge7 11. O-O b6 12. Re1 Bd7 13. Bf1 O-O-O 14. h4 Rdf8 15.
Qb2 f5 16. exf6 Rxf6 17. Bg5 Rf7 18. Bxe7 Rxe7 19. Ne5 Rf8 20. g3 Nxe5 21. Rxe5
Rf5 22. Rae1 Ref7 23. Rxf5 Rxf5 24. Bh3 Rf6 25. Qc1 h6 26. Re5 Kc7 27. Kg2 Qa5
28. Qb2 Kd6 29. f4 Qb5 30. Qa1 Qa4 31. Qc1 Qa5 32. Qd2 Qxa3 33. g4 Qb2 34. g5
Rf8 35. f5 exf5 36. gxh6 g6 37. Kh2 Rf7 38. Qf4 Kc6 39. Bg2 Kb5 40. Bxd5 Qxc2+
41. Kg1 Qb1+ 42. Kf2 1-0

[Event "Oregon Closed (Championship)"]
[Site "Portland, OR"]
[Date "2017.02.12"]
[Round "4.4"]
[White "Bjorksten, Lennart"]
[Black "Grabinsky, Joshua"]
[Result "1/2-1/2"]
[WhiteElo "2123"]
[BlackElo "2019"]
[PlyCount "139"]
[EventDate "2017.02.11"]
[EventRounds "9"]
[EventCountry "USA"]

1. d4 Nf6 2. c4 e6 3. Nc3 Bb4 4. e3 b6 5. Nge2 c5 6. a3 Ba5 7. Rb1 Na6 8. g3
Bb7 9. d5 Ne4 10. Bg2 exd5 11. cxd5 Nxc3 12. bxc3 Nc7 13. O-O d6 14. c4 a6 15.
e4 Rb8 16. Bb2 O-O 17. Nf4 b5 18. e5 bxc4 19. Qa4 c3 20. Qxa5 cxb2 21. exd6
Qxd6 22. Rxb2 Ba8 23. Rfb1 Rb5 24. Qc3 Rfb8 25. a4 Rb4 26. a5 h6 27. Nh5 Qg6
28. Rxb4 cxb4 29. Rxb4 Rxb4 30. Qxb4 Qxh5 31. Qb8+ Kh7 32. Qb1+ g6 33. d6 Bxg2
34. dxc7 Bh3 35. Qb3 Qe5 36. Qxf7+ Qg7 37. Qxg7+ Kxg7 38. f3 Be6 39. h4 h5 40.
Kf2 Kf6 41. Ke3 Ke5 42. Kd3 Kd6 43. Ke4 Kxc7 44. Ke5 Bf5 45. Kf6 Kc6 46. g4
hxg4 47. fxg4 Bxg4 48. Kxg6 Kb5 49. Kg5 Be2 50. Kf4 Kb4 51. Ke3 Bh5 52. Kd2 Kb3
53. Kc1 Bg6 54. Kd2 Bc2 55. h5 Bf5 56. Ke3 Kc3 57. h6 Bd3 58. Kf4 Kd4 59. Kf3
Kc3 60. Ke3 Kc2 61. Kf2 Kd2 62. Kf3 Bg6 63. Kf2 Kd3 64. Ke1 Kc3 65. Ke2 Kb4 66.
Kd2 Ka4 67. Kc3 Ka3 68. Kc4 Ka4 69. Kc3 Kxa5 70. Kb2 1/2-1/2

[Event "Oregon Closed (Championship)"]
[Site "Portland, OR"]
[Date "2017.02.12"]
[Round "4.5"]
[White "Richardson, Ryan"]
[Black "Zavortink, Matt"]
[Result "0-1"]
[WhiteElo "2103"]
[BlackElo "2161"]
[PlyCount "60"]
[EventDate "2017.02.11"]
[EventRounds "9"]
[EventCountry "USA"]

1. e4 e6 2. d4 d5 3. Nd2 Be7 4. c3 c5 5. exd5 Qxd5 6. Ngf3 cxd4 7. Bc4 Qd6 8.
Nxd4 Nf6 9. O-O a6 10. Re1 O-O 11. Qe2 b5 12. Ne4 Qc7 13. Bd3 Bb7 14. Ng5 Bd6
15. h3 Nbd7 16. Ne4 Bh2+ 17. Kh1 Bf4 18. Nxf6+ Nxf6 19. Bxf4 Qxf4 20. Kg1 Rfd8
21. a3 Rac8 22. Rad1 Rc5 23. Nxe6 fxe6 24. Qxe6+ Kh8 25. Be4 Re8 26. Qxe8+ Nxe8
27. Bxb7 Qb8 28. Bxa6 h6 29. Re6 Kh7 30. a4 Nc7 0-1

[Event "Oregon Closed (Championship)"]
[Site "Portland, OR"]
[Date "2017.02.18"]
[Round "5.1"]
[White "Richardson, Ryan"]
[Black "Talyansky, Seth"]
[Result "0-1"]
[WhiteElo "2103"]
[BlackElo "2189"]
[PlyCount "98"]
[EventDate "2017.02.11"]
[EventRounds "9"]
[EventCountry "USA"]

1. e4 e5 2. Nf3 Nc6 3. Bb5 a6 4. Ba4 d6 5. c3 Bd7 6. O-O g6 7. d4 Bg7 8. Re1
Nge7 9. d5 Nb8 10. Bxd7+ Nxd7 11. Be3 O-O 12. c4 h6 13. Nfd2 f5 14. f3 b6 15.
Nc3 Nf6 16. b4 a5 17. a3 g5 18. c5 axb4 19. axb4 Rxa1 20. Qxa1 bxc5 21. bxc5 g4
22. cxd6 cxd6 23. Qa6 gxf3 24. gxf3 fxe4 25. fxe4 Qd7 26. Kh1 Ng4 27. Qe2 Nxe3
28. Qxe3 Ng6 29. Rg1 Nf4 30. Nf1 Nh3 31. Rxg7+ Kxg7 32. Ng3 Kh7 33. Nf5 Nf4 34.
Ne2 Rxf5 35. exf5 Nxe2 36. Qxe2 Qxf5 37. Qc4 Kg6 38. Kg2 e4 39. Qc6 Qf3+ 40.
Kg1 Qd1+ 41. Kg2 Qf3+ 42. Kg1 Qf4 43. Qe8+ Kg5 44. Qe7+ Kg4 45. Qe6+ Kh4 46.
Kg2 e3 47. Qh3+ Kg5 48. Qf3 Qg4+ 49. Qg3 Kf5 0-1